| 000 | 00783pam a2200253 a 4500 | ||
|---|---|---|---|
| 001 | 3014306 | ||
| 003 | OSt | ||
| 005 | 20240618151900.0 | ||
| 008 | 940428s1995 nyua 000 0 eng | ||
| 010 | _a 94017477 | ||
| 020 | _a007115096x | ||
| 040 |
_cMUST LIB _aMUST _bMUST |
||
| 082 | 0 | 0 |
_a530BEI 2003 _222 _bBEL |
| 100 | 1 |
_aBeiser, Arthur. _97974 |
|
| 245 | 1 | 0 |
_aConcepts of modern physics / _cArthur Beiser. |
| 250 | _a6th ed. | ||
| 260 |
_aNew York : _bMcGraw-Hill, _c2003 |
||
| 300 |
_axii, 542 p. : _bill. ; _c26 cm. |
||
| 504 | _aincludes index. | ||
| 650 | 0 |
_aPhysics. _9809 |
|
| 906 |
_a7 _bcbc _corignew _d1 _eocip _f19 _gy-gencatlg |
||
| 942 |
_2ddc _cO_SHELF |
||
| 999 |
_c5664 _d5664 |
||